Interpretación europea de Donoso Cortes.
Tallennettuna:
| Päätekijä: | |
|---|---|
| Muut tekijät: | |
| Aineistotyyppi: | Kirja |
| Julkaistu: |
Madrid, España:
Ediciones Rialp, S.A.,
1963.
|
| Painos: | Segunda edición. |
| Aiheet: | |
| Tagit: |
Lisää tagi
Ei tageja, Lisää ensimmäinen tagi!
|
MARC
| LEADER | 00000nam a22000007a 4500 | ||
|---|---|---|---|
| 003 | CL-VaPUC | ||
| 005 | 20250327113713.0 | ||
| 008 | 220714t1963 ||||| |||| 00| 0 eng d | ||
| 999 | |c 437024 |d 437022 | ||
| 040 | |c Pontificia Universidad Católica de Valparaíso | ||
| 082 | 7 | |a 923.246 SCH 1963 |2 22 | |
| 100 | |a Schmitt, Carl, |d 1888-1985 |e autor |9 258380 | ||
| 245 | 1 | |a Interpretación europea de Donoso Cortes. | |
| 250 | |a Segunda edición. | ||
| 260 | |a Madrid, España: |b Ediciones Rialp, S.A., |c 1963. | ||
| 300 | |a 135 páginas. | ||
| 500 | |a c.1 Donación Familia Prof. Alejandro Guzmán Brito. | ||
| 583 | |c 20220714 |k Cristina María Rojas Aguilar | ||
| 600 | |a Donoso Cortés, Juan |d 1809-1853 |9 873089 |x Crítica e interpretación |z España | ||
| 700 | |a López-Amo, Angel |e prólogo |9 872897 | ||
| 942 | |2 ddc |c BK |n 0 | ||
| 952 | |0 0 |1 0 |2 ddc |4 0 |6 923_246000000000000_SCH_1963 |7 0 |8 C_AGB |9 584760 |a BIBDER |b BIBDER |d 2022-07-14 |e Donación |i 5652785 |o 923.246 SCH 1963 |p 5652785 |r 2023-01-25 |t 1 |w 2022-07-14 |y BK_US |k AGB | ||